000
00303nam a2200109Ia 4500
008
200302s9999 xx 000 0 und d
100
_a
John Morris Dixon FAIA
245
_a
Urban Spaces No 2 The Design of Public Places
260
_b
Visual Reference Publications Inc.
260
_c
2001
300
_a
329 P.,
999
_c
5509
_d
5509